000 00351nam a2200133 a 4500
001 000031854
005 20200930063231.0
008 110706s2008 dr 000 0 spa d
040 _aDO-SdBNP
_bspa
_cBNPHU
245 0 0 _aPequeño divocionario al espiritu santo.
260 _aSanto Domingo :
_bMSC,
_c2008.
300 _a48 p. ;
_c14 cm.
049 _aBNPD
999 _c31346
_d31346